All neighborhoods in Dallas - Statistics

General Stats
  • This quiz has been taken 5 times
  • The average score is 25 of 209
Answer Stats
Answer % Correct
lake highlands
100%
Belmont
50%
belmont park
50%
bishop arts district
50%
bluffview
50%
bonton
50%
Bryan place
50%
Buckner terrace
50%
casa linda estates
50%
casa view
50%
cedar crest
50%
cityplace
50%
Deep ellum
50%
deep ellum
50%
Design district
50%
design district
50%
devonshire
50%
eagle ford
50%
fair park
50%
far north dallas
50%
forest hills
50%
hollywood heights
50%
junius heights
50%
kessler park
50%
lakewood
50%
lower greenville
50%
l streets
50%
Main street district
50%
oak lawn
50%
old lake highlands
50%
preston center
50%
Reunion district
50%
rylie
50%
santa monica
50%
state thomas
50%
The cedars
50%
turtle creek
50%
Uptown
50%
uptown
50%
vickery meadows
50%
vickery place
50%
Victory park
50%
victory park
50%
west village
50%
whispering hills
50%
white rock
50%
woodbridge
50%
wynnewood
50%
abrams place
0%
alexanders village
0%
Alger park
0%
alta park
0%
Arcadia park
0%
arlington park
0%
Arnold's station
0%
ash creek
0%
asian trade district
0%
bachman
0%
Baylor district
0%
baylor/meadows
0%
Beckley club estates
0%
bent tree
0%
boundbrook oaks estates
0%
bruton terrace
0%
buckner park
0%
Caruth terrace
0%
casa linda park
0%
casa view haven
0%
cedar run
0%
chimney hill
0%
Civic center district
0%
claremont
0%
claremont park
0%
copperfield community
0%
country forest
0%
dallas
0%
Dallas arts district
0%
dixon circle
0%
dolphin heights
0%
east kessler park
0%
eastwood
0%
edgemont park
0%
edgewood
0%
elam
0%
el barrio
0%
elderoaks
0%
elderwoods
0%
elm thicket
0%
elmwood
0%
exposition park
0%
fireside
0%
forest highlands
0%
gaston park
0%
glenn oaks
0%
glen oaks
0%
greenland hills
0%
greenleaf village
0%
greenway parks
0%
hamilton park
0%
highland hills
0%
highlands west
0%
high oaks meadows
0%
higland meadows
0%
hillridge
0%
international center
0%
jackson meadow
0%
jubilee park
0%
kessler highlands
0%
kessler plaza
0%
kessler square
0%
kidd springs
0%
kings highway conservation district
0%
kleberg
0%
knox park
0%
la bajada
0%
lake cliff
0%
lake highlands estates
0%
lake highlands north
0%
lake highlands square
0%
lake june
0%
lake park estates
0%
lake ridge estates
0%
lake west
0%
lakewood heights
0%
lakewood trails
0%
la L'aceate
0%
la loma
0%
ledbetter gardens
0%
little forest trails
0%
lochwood
0%
L.O daniel
0%
LoMac
0%
los altos
0%
love field
0%
magnolia park
0%
melshire estates
0%
merriman park estates
0%
merriman park north
0%
midway hallow
0%
mill city
0%
monterey gardens
0%
moss farm
0%
moss meadows
0%
muncie
0%
munger place historic district
0%
north stonewall terrace
0%
northwood heights
0%
northwood hills
0%
oak highlands
0%
oak tree village
0%
owenwood
0%
parkdale
0%
park row
0%
peaks suburban addition
0%
pebble creek
0%
Pemberton hill
0%
perry heights
0%
piedmont
0%
platinum corridor
0%
pleasant grove
0%
pleasant hills
0%
pleasant mound
0%
preston hallow
0%
preston highlands
0%
richland park estates
0%
ridgewood park
0%
Riverfront district
0%
riverway estates
0%
rolling trails
0%
royal highlands
0%
royal highlands village
0%
royal lane village
0%
scyene
0%
seagoville
0%
shannon estates
0%
skyline heights
0%
slutz road
0%
south boulevard
0%
South side
0%
spruce square
0%
stemmons corridor
0%
stevens park estates
0%
stevens park village
0%
stonewall terrace
0%
swiss avenue
0%
tenth street freedmans town
0%
Thanksgiving commercial center
0%
timberglen
0%
town creek
0%
trinity grove
0%
university manor
0%
university meadows
0%
university terrace
0%
urbandale
0%
urban reserve
0%
walnut creek estates
0%
West end historic park
0%
western heights
0%
western park
0%
west kessler
0%
westmoreland heights
0%
wheatley place
0%
white rock valley
0%
wilshire heights
0%
winnetka heights
0%
woodlands on the creek
0%
woodland springs
0%
Wynnewood hills
0%
No matching quizzes found
Score Distribution
Percent of People with Each Score
Percentile by Number Answered
Your Score History
You have not taken this quiz